All GTA 5 Weapons - Statistics

General Stats
  • This quiz has been taken 388 times
  • The average score is 20 of 92
Answer Stats
Hint Answer % Correct
Melee Knife
79%
Pistol Pistol
78%
Assault Assault Rifle
59%
Melee Baseball Bat
58%
Explosive* RPG/Rocket Launcher
57%
SMG SMG
56%
Explosive Grenade
55%
Explosive Sticky Bomb
45%
Assault Carbine RIfle
44%
Sniper Heavy Sniper
44%
Pistol AP Pistol
42%
Explosive* Minigun
41%
MG MG
39%
Sniper Sniper Rifle
39%
Shotgun Pump Shotgun
38%
Melee Bottle
36%
MG Combat MG
36%
Pistol Combat Pistol
36%
Melee Machete
36%
Melee Golf Club
34%
Melee Hammer
33%
Melee Hatchet
33%
Shotgun Assault Shotgun
32%
Explosive* Grenade Launcher
32%
Pistol Heavy Pistol
31%
SMG Micro SMG
31%
Melee Knuckle Duster
28%
Explosive Molotov
27%
Melee Nightstick
27%
Explosive* Homing Launcher
26%
Explosive* Railgun
26%
Assault Special Carbine
25%
Pistol Stun Gun
24%
Sniper Marksman RIfle
23%
Pistol Pistol .50
23%
Melee Pool Cue
23%
Explosive Tear Gas
23%
Melee Crowbar
22%
Explosive Jerry Can
22%
Explosive Proximity Mine
21%
Shotgun Sawed-Off Shotgun
21%
Melee Switchblade
21%
Explosive* Firework Launcher
19%
Shotgun Musket
19%
Pistol SNS Pistol
19%
Melee Stone Hatchet
19%
Assualt Bullpup Rifle
18%
Pistol Heavy Revolver
17%
Explosive Pipe Bomb
17%
Melee Flashlight
15%
Assault Advanced RIfle
14%
Shotgun Heavy Shotgun
14%
SMG Machine PIstol
14%
Pistol Marksman Pistol
14%
SMG Mini SMG
14%
Pistol Up-N-Atomizer
14%
Pistol Vintage Pistol
14%
Explosive* Widowmaker
14%
Melee Antique Cavalry Dagger
13%
Explosive Flare
13%
SMG Assault SMG
12%
Shotgun Bullpup Shotgun
11%
SMG Combat PDW
11%
Pistol Navy Revolver
11%
Fun Snowball
11%
Melee Battle Axe
10%
MG Unholy Hellbringer
10%
Pistol Ceramic Pistol
9%
Fun Ball
8%
Pistol Double-Action Revolver
8%
Melee Pipe Wrench
8%
Pistol Pistol MK II
7%
Shotgun Double Barrel Shotgun
6%
Pistol Flare Gun
6%
Assault Assault Rifle MK II
5%
Explosive BZ Gas
5%
MG Combat MG MK II
5%
Assault Compact Rifle
5%
MG Gusenburg Sweeper
5%
Sniper Heavy Sniper MK II
5%
Assault Carbine RIfle MK II
4%
Explosive* Compact Grenade Launcher
4%
Pistol Heavy Revolver MK II
4%
Assault Bullpup Rifle MK II
3%
Shotgun Pump Shotgun MK II
3%
SMG SMG MK II
3%
Pistol SNS Pistol MK II
3%
Assault Special Carbine MK II
3%
Shotgun Sweeper Shotgun
3%
Sniper Marksman Rifle MK II
2%
Explosive Fire Extinguisher
0%
Explosive Hazardous Jerry Can
0%
No matching quizzes found
Score Distribution
Percent of People with Each Score
Percentile by Number Answered
Your Score History
You have not taken this quiz